| 000 | 00464nam a22001577a 4500 | ||
|---|---|---|---|
| 003 | NUST - PNEC | ||
| 005 | 20170116181102.0 | ||
| 008 | 151003b xxu||||| |||| 00| 0 eng d | ||
| 040 | _cLIBRARY | ||
| 082 | _a954.9205 HUS | ||
| 100 |
_912443 _aHusain, Syed Sajjad |
||
| 245 |
_aThe wastes of time : _breflections on the decline and fall of East Pakistan _cSyed Sajjad Husain |
||
| 260 | _c1995 | ||
| 650 |
_912445 _aPolitical prisoners _xGeneral |
||
| 942 |
_2ddc _cBK |
||
| 999 |
_c68806 _d68806 |
||